[Event "Pretoria USSA op"]
[Site "Pretoria"]
[Date "2013.12.06"]
[Round "9"]
[White "Katz, Robert"]
[Black "Akande, Tunde"]
[Result "0-1"]
[WhiteElo "1611"]
[BlackElo "1652"]
[PlyCount "39"]
[EventDate "2013.12.02"]
[EventType "swiss"]
[EventRounds "9"]
[EventCountry "RSA"]
[SourceTitle "CBM 158 Extra"]
[Source "ChessBase"]
[SourceDate "2014.02.28"]
[SourceVersion "1"]
[SourceVersionDate "2014.02.28"]
[SourceQuality "1"]

1. e4 c5 2. d3 e6 3. Nf3 d5 4. Nbd2 Nc6 5. g3 Bd6 6. Bg2 Nge7 7. 0-0 0-0 8. Re1 Qc7 9. Qe2 f6 10. Nf1 Nd4 11. Nxd4 cxd4 12. exd5 Nxd5 13. Bxd5 exd5 14. f4 Bd7 15. Qg2 Bc6 16. Bd2 Rae8 17. Rad1 Qb6 18. b3 Qc5 19. Bc1 Qa5 20. a4 0-1

[Event "Pretoria USSA op"]
[Site "Pretoria"]
[Date "2013.12.04"]
[Round "5"]
[White "Hercules, Benjamin Vincent"]
[Black "Akande, Tunde"]
[Result "1-0"]
[WhiteElo "2069"]
[BlackElo "1652"]
[PlyCount "77"]
[EventDate "2013.12.02"]
[EventType "swiss"]
[EventRounds "9"]
[EventCountry "RSA"]
[SourceTitle "CBM 158 Extra"]
[Source "ChessBase"]
[SourceDate "2014.02.28"]
[SourceVersion "1"]
[SourceVersionDate "2014.02.28"]
[SourceQuality "1"]

1. c4 e6 2. Nc3 d5 3. d4 Nf6 4. Nf3 c6 5. e3 Nbd7 6. Qc2 dxc4 7. Bxc4 b5 8. Be2 a6 9. Bd2 c5 10. g4 Bb7 11. Rg1 Bd6 12. g5 Nd5 13. Ne4 Qc7 14. dxc5 Nxc5 15. Rc1 Nxe4 16. Qxe4 Qb6 17. Qh4 Ne7 18. Qd4 Qxd4 19. Nxd4 0-0 20. Bf3 Bxf3 21. Nxf3 Rac8 22. Ke2 b4 23. h3 Rfd8 24. Rxc8 Rxc8 25. Rc1 Rxc1 26. Bxc1 Kf8 27. Kd3 Ke8 28. b3 Kd7 29. Bb2 g6 30. Be5 Nc6 31. Bxd6 Kxd6 32. Kc4 e5 33. Nd2 a5 34. Ne4+ Ke6 35. Kb5 Kd5 36. Nf6+ Kd6 37. Nxh7 Kd5 38. Nf6+ Kd6 39. Kb6 1-0